| 000 | 00968nam a2200289 a 4500 | ||
|---|---|---|---|
| 001 | 41737 | ||
| 003 | BD-RjUL | ||
| 005 | 20211209053436.0 | ||
| 008 | 160605s1967 enk b 000 0 eng | ||
| 035 | _a0140026746 | ||
| 035 | _a(BD-RjUL)41855 | ||
| 040 |
_aDLC _cDLC _dm.c _dBD-RjUL _beng |
||
| 041 | 1 | _aengfre | |
| 082 |
_223 _a325.344 _bFAW 1967 |
||
| 100 | 1 |
_aFanon, Frantz, _d1925-1961. _9128204 |
|
| 245 | 1 | 4 |
_aThe wretched of the earth / _cFrantz Fanon; preface by Jean-Paul Sartre; translated by Constance Farrington. |
| 260 |
_aHarmondsworth : _bPenguin, _c1967. |
||
| 300 |
_a255 p. ; _c18 cm. |
||
| 500 | _aTranslation of : Les damnés de la terre. | ||
| 500 | _aIncludes bibliographical references. | ||
| 650 | 0 |
_aOffenses against the person. _9128205 |
|
| 651 | 0 |
_aFrance _xColonies _zAfrica. _9128206 |
|
| 651 | 0 |
_aAlgeria _xHistory _yRevolution, 1954-1962. _9128207 |
|
| 942 |
_2ddc _cBK |
||
| 999 |
_c41737 _d41737 |
||